|
|
|
|
| LEADER |
00000nam0a2200000 4500 |
| 001 |
363931 |
| 005 |
20231102011634.0 |
| 035 |
|
|
|a (RuTPU)RU\TPU\retro\21280
|
| 090 |
|
|
|a 363931
|
| 100 |
|
|
|a 20211019d1981 km y0rusy50 ca
|
| 101 |
0 |
|
|a rus
|
| 102 |
|
|
|a RU
|
| 105 |
|
|
|a a z 001zy
|
| 200 |
1 |
|
|a Нагруженность, усталость, надежность деталей металлургических машин
|f Л. В. Коновалов
|
| 210 |
|
|
|a Москва
|c Металлургия
|d 1981
|
| 215 |
|
|
|a 280 с.
|c ил.
|
| 320 |
|
|
|a Библиогр.: с. 274-280
|
| 606 |
1 |
|
|a Металлургическое оборудование
|x Детали
|x Расчет на надежность
|2 stltpush
|3 (RuTPU)RU\TPU\subj\42954
|9 62561
|
| 610 |
1 |
|
|a металлургические машины
|
| 610 |
1 |
|
|a нагруженность
|
| 610 |
1 |
|
|a долговечность
|
| 610 |
1 |
|
|a усталостная прочность
|
| 610 |
1 |
|
|a прокатные станы
|
| 610 |
1 |
|
|a годовой сортамент
|
| 610 |
1 |
|
|a прокатка
|
| 610 |
1 |
|
|a технологические нагрузки
|
| 610 |
1 |
|
|a сопротивление усталости
|
| 610 |
1 |
|
|a ресурс
|
| 610 |
1 |
|
|a расчет на прочность
|
| 610 |
1 |
|
|a вероятностные методы
|
| 675 |
|
|
|a 669.02-2
|v 4
|
| 700 |
|
1 |
|a Коновалов
|b Л. В.
|g Лев Васильевич
|
| 801 |
|
1 |
|a RU
|b 63413507
|c 20211019
|
| 801 |
|
2 |
|a RU
|b 63413507
|c 20211019
|g RCR
|
| 942 |
|
|
|c BK
|